| 000 | 00636nam a2200181 i 4500 | ||
|---|---|---|---|
| 001 | 113843 | ||
| 003 | ES-MaACL | ||
| 005 | 20250820122148.0 | ||
| 007 | t| | ||
| 008 | 061121s1971 sp r ||||1| spa d | ||
| 245 | 0 | 0 |
_aLos Padres de la Iglesia _b: textos doctrinales del cristianismo desde los orígenes hasta san Atanasio / _cselección y traducción de José Vives, S.I. |
| 260 |
_aBarcelona : _bHerder, _c1971. |
||
| 300 |
_aVIII, 502 p. ; _c21 cm. |
||
| 650 | 7 |
_aLiteratura cristiana primitiva _2embne _914529 |
|
| 700 | 1 |
_aVives, Josep, _d1928-2015 _9115573 |
|
| 852 | 4 |
_aES-MaACL _jC-45120 |
|
| 999 |
_c113843 _d113843 |
||